| 000 | 00599nam a22001695i 4500 | ||
|---|---|---|---|
| 001 | 161246 | ||
| 003 | ES-MaACL | ||
| 005 | 20230906212231.0 | ||
| 008 | 041015s1881 fr |||| | fre d | ||
| 100 | 1 |
_aPailleron, Edouard. _9130777 |
|
| 245 | 1 | 3 |
_aLe monde ou l'on s'ennuie : _bcomédie en trois actes / _cpar Edouard Pailleron. |
| 250 | _a3e éd. | ||
| 260 |
_aParis : _bCalmann Levy, _c1881. |
||
| 300 |
_a178 p. ; _c23 cm. |
||
| 500 | _aReprèsentèe pour la première fois, à Paris, à la Comèdie-Française, le 25 avril 1881. | ||
| 852 | 4 |
_aES-MaACL _jG-15530 _z- Legado Modesto Lafuente |
|
| 999 |
_c161246 _d161246 |
||